ANTARKTİKA MACERASI SUZİKO (Kayıt no. 784575)

MARC ayrıntıları
000 -LEADER
sabit uzunluktaki kontrol alanı 00254nam a2200097Ia 4500
001 - KONTROL NUMARASI
kontrol alanı 784575
005 - EN SON İŞLEMİN TARİH VE ZAMANI
kontrol alanı 20250826170244.0
008 - SABİT-UZUNLUKTA VERİ ÖĞELERİ--GENEL BİLGİ
sabit uzunluktaki kontrol alanı 250824s9999 xx 000 0 und d
245 #0 - ESER / YAZAR
ESER ADI ANTARKTİKA MACERASI SUZİKO
Yazar Adı SARA GÜRBÜZ ÖZEREN
260 ## - YAYIN, DAĞITIM, VB.
YAYIN EVİ GENÇ DAMLA
Mevcut
Düşüm durumu Kayıp durumu Hasar Durumu Ödünç verilmez Ana kütüphane Geçerli Kütüphane Edinilen tarih Toplam ödünç verme sayısı Barkod Son görüntüleme tarihi Son ödünç verme tarihi Fiyatın geçerli olmaya başladığı tarih Koha materyal türü
        HOCACİHAN ORTAOKULU HOCACİHAN ORTAOKULU 24.08.2025 2 10511376 28.11.2025 20.11.2025 26.08.2025 Kitaplar
Gemini Bilgi Teknolojileri A.Ş. tarafından düzenlenmiştir.